| 000 | 01213cam a2200325 i 4500 | ||
|---|---|---|---|
| 001 | 2760 | ||
| 003 | Mx-PuUPA | ||
| 005 | 20230519101607.0 | ||
| 008 | 140415s1987 mx a gr 000 0 spa d | ||
| 020 | _a9681317696 | ||
| 040 |
_aMx-PuUPA _bspa _cMx-PuUPA _dMx-PuUPA _erda |
||
| 041 | 0 | _aspa | |
| 100 | 1 |
_aSoto, Hernando de, _eautor _914026 _d1941- |
|
| 245 | 1 | 3 |
_aEl otro sendero : _bla revolución informal / _cHernando de Soto ; prólogo de Mario Vargas Llosa ; colaborador, Enrique Ghersi, Mario Ghibellini, Instituto Libertad y Democracia, Yamid Amat |
| 250 | _aPrimera edición | ||
| 264 | 1 |
_aMéxico, D.F. : _bEditorial Diana, _c1987 |
|
| 300 |
_axxxvi, 317 páginas : _bilustraciones ; _c23 cm |
||
| 336 |
_2rdacontent _atexto _btxt |
||
| 337 |
_2rdamedia _asin medio _bn |
||
| 338 |
_2rdacarrier _avolumen _bnc |
||
| 650 | 7 |
_aEconomía informal _zPerú |
|
| 700 | 1 |
_aVargas Llosa, Mario, _eprologuista |
|
| 700 | 1 |
_aGhersi, Enrique, _ecolaborador |
|
| 700 | 1 |
_aGhibellini, Mario, _ecolaborador |
|
| 700 | 1 |
_aAmat, Yamid, _ecolaborador |
|
| 710 | 2 |
_aInstituto Libertad y Democracia, _ecolaborador |
|
| 942 |
_2ddc _cLI _h330.85 _iS717 |
||
| 999 |
_c2760 _d2760 |
||